[Event "Offene Hessische Senioren Einzelmeisters"]
[Site "Bad Sooden- Allendorf"]
[Date "2013.04.22"]
[Round "3.75"]
[White "Bill, Eugen"]
[Black "Johannsen, Ingbert"]
[Result "0-1"]
[WhiteElo "1496"]
[BlackElo "1708"]
[PlyCount "74"]
[EventDate "2013.??.??"]
[WhiteTeam "SV Lahn Limburg"]
[BlackTeam "SG Witten"]

1. d4 e6 2. Nf3 d5 3. c4 Nf6 4. Bg5 Be7 5. Nc3 c6 6. cxd5 exd5 7. e3 O-O 8. Be2
Re8 9. O-O Nbd7 10. a3 Nf8 11. b4 a6 12. Rb1 Ne4 13. Bxe7 Qxe7 14. Rc1 a5 15.
Nxe4 dxe4 16. Nd2 axb4 17. axb4 Qxb4 18. Rb1 Qd6 19. Qc2 Qg6 20. Rfc1 Ra5 21.
Nc4 Rg5 22. Bf1 Nd7 23. Nb6 Nxb6 24. Rxb6 h5 25. g3 h4 26. Bg2 h3 27. Bh1 Qe6
28. Rb4 Ra5 29. Ra4 Rxa4 30. Qxa4 b5 31. Qa3 Bd7 32. Rc5 f5 33. Re5 Qc4 34. Rc5
Qa4 35. Qxa4 bxa4 36. Ra5 Rb8 37. Kf1 Rb1+ 0-1

[Event "Offene Hessische Senioren Einzelmeisters"]
[Site "Bad Sooden- Allendorf"]
[Date "2013.04.22"]
[Round "3.76"]
[White "Ophoff, Rigobert"]
[Black "Garms, Ilse"]
[Result "1/2-1/2"]
[WhiteElo "1706"]
[BlackElo "1551"]
[PlyCount "38"]
[EventDate "2013.??.??"]
[WhiteTeam "Rhedaer SV von 1931 e."]
[BlackTeam "Brandenburger LSSV"]

1. d4 d6 2. c4 e6 3. Nc3 h6 4. Nf3 Nf6 5. g3 Be7 6. Bg2 O-O 7. O-O c5 8. b3 a6
9. Bb2 Qc7 10. Qd2 Nbd7 11. Rad1 Rb8 12. Rfe1 cxd4 13. Nxd4 Ne5 14. h3 Bd7 15.
e4 Nc6 16. Kh2 Rfd8 17. f4 Ne8 18. Nc2 Bf6 19. Ne3 Qa5 1/2-1/2

[Event "Offene Hessische Senioren Einzelmeisters"]
[Site "Bad Sooden- Allendorf"]
[Date "2013.04.22"]
[Round "3.77"]
[White "Mewes, Hans-Dieter"]
[Black "Brueckner, Ewald"]
[Result "1-0"]
[WhiteElo "1670"]
[BlackElo "1526"]
[Annotator ",Microsoft"]
[PlyCount "56"]
[EventDate "2013.??.??"]
[WhiteTeam "Stader SV"]
[BlackTeam "1.Hainstädter SC 1950"]

1. d4 b6 2. Nf3 Bb7 3. Bf4 e6 4. e3 d6 5. Be2 Be7 6. h3 Nf6 7. O-O Nbd7 8. Nbd2
O-O 9. Re1 Nh5 10. Bh2 f5 11. Ng5 Bxg5 12. Bxh5 Bh6 13. Bf3 d5 14. c4 c6 15. b4
Nf6 16. a4 g6 17. Rc1 Rc8 18. Qb3 Ne4 19. Nf1 Qh4 20. Rc2 g5 21. Qd3 g4 22.
hxg4 dxc4 23. Qxc4 Ng5 24. Bg3 Nxf3+ 25. gxf3 Qe7 26. Nh2 Rce8 27. Rb2 f4 28.
exf4 Bxf4 {Rest nicht zu rekonstruieren} 1-0

[Event "Offene Hessische Senioren Einzelmeisters"]
[Site "Bad Sooden- Allendorf"]
[Date "2013.04.22"]
[Round "3.78"]
[White "Fuhlrott, Heinz"]
[Black "Jung, Prof. Michael"]
[Result "1-0"]
[WhiteElo "1489"]
[BlackElo "1669"]
[Annotator ",Microsoft"]
[PlyCount "69"]
[EventDate "2013.??.??"]
[WhiteTeam "MTV Fichte Winsen"]
[BlackTeam "SV Osnabrück"]

1. d4 g6 2. c3 Bg7 3. Nf3 d6 4. Bg5 h6 5. Bh4 Nd7 6. e3 Ngf6 7. Bd3 O-O 8. Nbd2
b6 9. Rc1 Bb7 10. O-O g5 11. Bg3 Nh5 12. Bb1 f5 13. Qb3+ Kh8 14. Qe6 Rf6 15.
Qb3 Qe8 16. Qc2 Nf8 17. Rce1 Rd8 18. c4 e6 19. h3 c6 20. Qa4 a6 21. Qb4 Nxg3
22. fxg3 b5 23. c5 d5 24. Ne5 Nd7 25. Ndf3 Nxe5 26. Nxe5 Rf8 27. Nd3 Bc8 28.
Qa5 Rd7 29. Qb6 Rff7 30. Nb4 Rde7 31. Qxc6 Bd7 32. Qxa6 e5 33. c6 Bc8 34. Qxb5
exd4 35. Qd3 {Rest nicht zu rekonstruieren} 1-0

[Event "Offene Hessische Senioren Einzelmeisters"]
[Site "Bad Sooden- Allendorf"]
[Date "2013.04.22"]
[Round "3.79"]
[White "Hesse, Klaus Dieter"]
[Black "Völler, Lothar"]
[Result "1-0"]
[WhiteElo "1668"]
[BlackElo "1524"]
[PlyCount "80"]
[EventDate "2013.??.??"]
[WhiteTeam "SK Stadtallendorf"]
[BlackTeam "Dortmund"]

1. e4 g6 2. d4 d6 3. f4 Bg7 4. Nf3 Nf6 5. Nc3 O-O 6. Bd3 e6 7. Be3 b6 8. O-O
Bb7 9. Qe1 Ng4 10. Bd2 f5 11. h3 Nf6 12. exf5 exf5 13. Qe6+ Kh8 14. Ng5 Qd7 15.
Rae1 h6 16. Qxd7 Nbxd7 17. Ne6 Rfc8 18. Nb5 Be4 19. Nbxc7 Nf8 20. Rc1 Nxe6 21.
Nxe6 Bd5 22. Nxg7 Kxg7 23. c4 Be4 24. Be2 Rc7 25. Bb4 Rd8 26. Kf2 Rcd7 27. Bc3
d5 28. b3 Re8 29. Rfe1 Kf7 30. c5 Bxg2 31. Bb5 Rxe1 32. Bxe1 Rd8 33. Kxg2 Ne4
34. b4 Kf6 35. h4 Ke6 36. a4 Rc8 37. Ra1 bxc5 38. bxc5 Nxc5 39. dxc5 Rxc5 40.
Ra2 d4 1-0

[Event "Offene Hessische Senioren Einzelmeisters"]
[Site "Bad Sooden- Allendorf"]
[Date "2013.04.22"]
[Round "3.80"]
[White "Klose, Hans-Peter"]
[Black "Husser, Oskar"]
[Result "1/2-1/2"]
[WhiteElo "1465"]
[BlackElo "1664"]
[PlyCount "36"]
[EventDate "2013.??.??"]
[WhiteTeam "ESV Rot-Weiß Göttingen"]
[BlackTeam "SC Caissa Falkensee e.V."]

1. c4 Nf6 2. g3 g6 3. Bg2 Bg7 4. Nc3 O-O 5. e4 e5 6. Nge2 d6 7. O-O Nc6 8. a3
a5 9. h3 Be6 10. d3 Rb8 11. f4 Qc8 12. Kh2 h6 13. Nd5 Nh7 14. Rb1 Qd7 15. b3 f5
16. Bb2 Ne7 17. Qd2 b6 18. Rbd1 Nf6 1/2-1/2

[Event "Offene Hessische Senioren Einzelmeisters"]
[Site "Bad Sooden- Allendorf"]
[Date "2013.04.22"]
[Round "3.81"]
[White "Knaak, Hans"]
[Black "Aepfler, Gerhard"]
[Result "1/2-1/2"]
[WhiteElo "1463"]
[BlackElo "1657"]
[PlyCount "70"]
[EventDate "2013.??.??"]
[WhiteTeam "Forster SC 95"]
[BlackTeam "TSG Apolda"]

1. d4 d5 2. c4 e5 3. dxe5 d4 4. Nf3 Nc6 5. e3 Bb4+ 6. Bd2 dxe3 7. fxe3 Bxd2+ 8.
Qxd2 Qe7 9. Qc3 f6 10. Nbd2 fxe5 11. Bd3 Nf6 12. Ne4 O-O 13. a3 a5 14. O-O Bg4
15. Nxf6+ Rxf6 16. Be4 Bxf3 17. Rxf3 Rxf3 18. gxf3 Rd8 19. Qc2 Qg5+ 20. Kf2 Qh6
21. Rh1 Qh4+ 22. Ke2 Qh3 23. Kf2 Rd6 24. Bf5 Qh4+ 25. Ke2 g6 26. c5 Rd8 27. Be4
Qh3 28. Qc4+ Kf8 29. f4 exf4 30. exf4 Rd4 31. Qc2 Qe6 32. Kf3 Rc4 33. Qd3 Qh3+
34. Kf2 Qxd3 35. Bxd3 Rxf4+ 1/2-1/2

[Event "Offene Hessische Senioren Einzelmeisters"]
[Site "Bad Sooden- Allendorf"]
[Date "2013.04.22"]
[Round "3.82"]
[White "von Janta, Lothar"]
[Black "Hielscher, Klaus"]
[Result "1-0"]
[WhiteElo "1656"]
[BlackElo "1519"]
[Annotator ",Microsoft"]
[PlyCount "72"]
[EventDate "2013.??.??"]
[WhiteTeam "SV Berenbostel"]
[BlackTeam "Braunschweiger SF"]

1. c4 c5 2. Nc3 Nf6 3. g3 e6 4. Bg2 d6 5. e3 a6 6. Nge2 Nbd7 7. d3 Be7 8. O-O
O-O 9. b3 Ra7 10. Nf4 Ne8 11. Rb1 g6 12. Qe2 Bf6 13. Bb2 Bg7 14. Rfd1 Ne5 15.
d4 cxd4 16. exd4 Nc6 17. d5 Nd4 18. Qf1 e5 19. Nfe2 Bf5 20. Ne4 Nxe2+ 21. Qxe2
b6 22. a4 Nf6 23. Nxf6+ Bxf6 24. Be4 Bd7 25. Ba3 Be7 26. Bc1 f5 27. Bg2 Rf7 28.
Re1 Rb7 29. Qd2 f4 30. Qe2 fxg3 31. fxg3 Qe8 32. Rf1 Rxf1+ 33. Qxf1 Bf5 34. Rb2
b5 35. Qe2 Bf6 36. cxb5 axb5 {Rest nicht zu rekonstruieren} 1-0

[Event "Offene Hessische Senioren Einzelmeisters"]
[Site "Bad Sooden- Allendorf"]
[Date "2013.04.22"]
[Round "3.83"]
[White "Winkler, Werner"]
[Black "Brandt, Fred"]
[Result "1/2-1/2"]
[WhiteElo "1351"]
[BlackElo "1652"]
[PlyCount "145"]
[EventDate "2013.??.??"]
[WhiteTeam "SK Bad Sooden-Allendorf"]
[BlackTeam "SV Königsjäger Süd-West e.V."]

1. e4 e5 2. Bc4 Nf6 3. d3 d6 4. h3 Nc6 5. Nf3 Na5 6. Bb3 Nxb3 7. axb3 Be7 8.
Be3 b6 9. Nc3 Bb7 10. O-O O-O 11. Nh2 d5 12. exd5 Nxd5 13. Ng4 Nxc3 14. bxc3
Bd6 15. d4 e4 16. c4 f5 17. Ne5 f4 18. Bc1 Qe7 19. Bb2 Rfd8 20. Qc1 Bxe5 21.
dxe5 f3 22. g3 Qe6 23. Kh2 h5 24. Qg5 g6 25. Rfd1 Rf8 26. Rd2 Bc8 27. Qh4 Kg7
28. Rad1 Kh6 29. g4 Qf7 30. g5+ Kh7 31. Rd8 Be6 32. Rxa8 Rxa8 33. Qxe4 Re8 34.
c3 Qe7 35. Bc1 Rf8 36. Rd4 Bc8 37. Bf4 c5 38. Rd6 Bf5 39. Qxf3 Rf7 40. Qe3 Bc8
41. Qe4 Bf5 42. Qe3 Be6 43. Kg3 Qe8 44. Qd2 Qc8 45. Qe2 Re7 46. f3 Bxh3 47. Rf6
Be6 48. Qe4 Bf5 49. Qd5 Be6 50. Qd6 Qe8 51. Kh4 Bf5 52. Bg3 Rd7 53. Qc6 Qd8 54.
Rd6 Qe8 55. e6 Re7 56. Qxe8 Rxe8 57. Rd7+ Kg8 58. Rxa7 Rxe6 59. Bf4 Bc2 60. b4
cxb4 61. cxb4 Bb3 62. Rc7 Kf8 63. c5 bxc5 64. bxc5 Ke8 65. Rb7 Bd5 66. Rb6 Rxb6
67. cxb6 Bxf3 68. Kg3 Bh1 69. Be5 Kd7 70. Bc7 Ke6 71. Kf4 Bb7 72. Bd8 Kd5 73.
Bc7 1/2-1/2

[Event "Offene Hessische Senioren Einzelmeisters"]
[Site "Bad Sooden- Allendorf"]
[Date "2013.04.22"]
[Round "3.84"]
[White "Kage, August"]
[Black "Rüggeberg, Wilhelm"]
[Result "0-1"]
[WhiteElo "1346"]
[BlackElo "1641"]
[PlyCount "106"]
[EventDate "2013.??.??"]
[WhiteTeam "ESV Rot-Weiß Göttingen"]
[BlackTeam "Sfr.Saarburg-Trier"]

1. d4 Nf6 2. c4 e6 3. Nc3 d5 4. a3 c6 5. cxd5 exd5 6. Nf3 Be7 7. Bg5 Nbd7 8.
Qc2 O-O 9. e3 Re8 10. Be2 Nf8 11. O-O Ng6 12. Bd3 Nh5 13. Bxe7 Qxe7 14. Rae1
Bg4 15. Bxg6 hxg6 16. Ne5 Nf6 17. f3 Be6 18. e4 Rac8 19. Qf2 Qc7 20. Nd3 dxe4
21. Nxe4 Nxe4 22. Rxe4 Bc4 23. Rd1 Rxe4 24. fxe4 Rd8 25. Ne5 Qxe5 26. Qe3 Qb5
27. Rd2 Re8 28. g3 Qh5 29. h4 Qg4 30. e5 Bd5 31. Rf2 Qe4 32. Qxe4 Bxe4 33. Kh2
Re6 34. g4 a5 35. Kg3 Bd5 36. Kf4 f6 37. Re2 c5 38. dxc5 Kf7 39. Re3 Bc6 40. g5
a4 41. Re2 fxe5+ 42. Rxe5 Rxe5 43. Kxe5 Ke7 44. Kf4 Ke6 45. Kg4 Ke5 46. h5
gxh5+ 47. Kxh5 Be8+ 48. Kg4 g6 49. Kf3 Kd4 50. Kf4 Kxc5 51. Ke3 Kc4 52. Kd2 Kd4
53. Kc2 Ke3 0-1

[Event "Offene Hessische Senioren Einzelmeisters"]
[Site "Bad Sooden- Allendorf"]
[Date "2013.04.22"]
[Round "3.85"]
[White "Schütze, Manfred"]
[Black "Lübbecke, Gerd"]
[Result "1-0"]
[WhiteElo "1629"]
[BlackElo "1478"]
[PlyCount "57"]
[EventDate "2013.??.??"]
[WhiteTeam "VfL Gräfenhainichen"]
[BlackTeam "SC Friedrichsthal"]

1. e4 c5 2. Nf3 Nc6 3. Bb5 e6 4. O-O Nge7 5. c3 a6 6. Ba4 b5 7. Bc2 Bb7 8. d4
cxd4 9. Nxd4 Nxd4 10. cxd4 Ng6 11. Be3 Be7 12. Nd2 O-O 13. f4 Nh8 14. Qg4 Qb6
15. Rad1 g6 16. Qg3 f5 17. d5 Bc5 18. Rfe1 Rae8 19. dxe6 Rxe6 20. Bb3 d5 21. e5
Kg7 22. Bxc5 Qxc5+ 23. Qf2 Qxf2+ 24. Kxf2 Rc8 25. Nf3 Rc5 26. Nd4 Re8 27. Rc1
Rec8 28. Rxc5 Rxc5 29. Ne6+ 1-0

[Event "Offene Hessische Senioren Einzelmeisters"]
[Site "Bad Sooden- Allendorf"]
[Date "2013.04.22"]
[Round "3.86"]
[White "Stuiber, Wilhelm"]
[Black "Garbe, Eckhard"]
[Result "1-0"]
[WhiteElo "1627"]
[BlackElo "1434"]
[Annotator ",Microsoft"]
[PlyCount "91"]
[EventDate "2013.??.??"]
[WhiteTeam "SK Turm Euskirchen 65"]
[BlackTeam "SV Blau-Weiß Grevesmühlen"]

1. e3 d5 2. d4 Nf6 3. f4 Bg4 4. Nf3 e6 5. Bd3 c5 6. c3 c4 7. Bc2 a6 8. O-O b5
9. Nbd2 Be7 10. Qe1 Bxf3 11. Rxf3 Nbd7 12. e4 dxe4 13. Nxe4 g6 14. Bd2 Nd5 15.
Qe2 N7f6 16. Nxf6+ Nxf6 17. Rf2 h5 18. h3 Rb8 19. a3 O-O 20. Re1 Nd5 21. Rf3
Bh4 22. g3 Bf6 23. Kg2 Kg7 24. Rh1 Rh8 25. Rff1 Qd7 26. Be4 Rbd8 27. Qf3 Be7
28. Re1 Bf6 29. Re2 Rhe8 30. Rhe1 Kf8 31. Rh1 Kg7 32. Kf2 Re7 33. Ke1 Rh8 34.
Kd1 Rd8 35. Rhe1 Kf8 36. Kc2 a5 37. Kc1 Rb8 38. g4 hxg4 39. hxg4 Nc7 40. g5 Bg7
41. Rh2 f5 42. gxf6 Bxf6 43. Rh6 Rh7 44. Rxg6 Rf7 45. Reg1 Qd8 46. Kc2 {Rest
nicht zu rekonstruieren} 1-0

[Event "Offene Hessische Senioren Einzelmeisters"]
[Site "Bad Sooden- Allendorf"]
[Date "2013.04.22"]
[Round "3.87"]
[White "Graffenberger, Marianne"]
[Black "Viererbe, Hartmut"]
[Result "0-1"]
[WhiteElo "1229"]
[BlackElo "1607"]
[PlyCount "70"]
[EventDate "2013.??.??"]
[WhiteTeam "Hamburger SK von 1830 eV"]
[BlackTeam "SC 51 Nordhausen"]

1. e4 c5 2. Nf3 g6 3. Nc3 Bg7 4. Be2 Nc6 5. O-O a6 6. b3 b5 7. Rb1 Bb7 8. Nd5
e6 9. Ne3 Nd4 10. d3 Ne7 11. Bb2 O-O 12. c3 Nxf3+ 13. Bxf3 Nc6 14. d4 cxd4 15.
cxd4 Qb6 16. Nc2 d6 17. Re1 Rad8 18. d5 Ne5 19. a3 Nxf3+ 20. Qxf3 e5 21. Bc1 f5
22. Be3 Qc7 23. Rec1 fxe4 24. Qxe4 Qf7 25. Nb4 Bc8 26. Rb2 Bf5 27. Qh4 Rc8 28.
Rxc8 Rxc8 29. g4 Be4 30. g5 Qf3 31. Qxe4 Qxe4 32. Nxa6 Qxd5 33. Nb4 Qd1+ 34.
Kg2 e4 35. Rd2 Qg4+ 0-1

[Event "Offene Hessische Senioren Einzelmeisters"]
[Site "Bad Sooden- Allendorf"]
[Date "2013.04.22"]
[Round "3.88"]
[White "Van Vorselen, Theo"]
[Black "Wauer, Klaus"]
[Result "1-0"]
[WhiteElo "1595"]
[BlackElo "1399"]
[Annotator ",Microsoft"]
[PlyCount "55"]
[EventDate "2013.??.??"]
[WhiteTeam "DD Den Haag"]
[BlackTeam "SC 51 Nordhausen"]

1. e4 c5 2. Nf3 d6 3. d4 cxd4 4. Nxd4 Nf6 5. f3 a6 6. c4 Nc6 7. Be3 Qc7 8. Nc3
e6 9. Qd2 Be7 10. Be2 O-O 11. g4 Ne5 12. b3 Ng6 13. h4 e5 14. Nf5 Bxf5 15. gxf5
Nh8 16. h5 h6 17. Bxh6 Kh7 18. Be3 Rac8 19. h6 g6 20. fxg6+ Nxg6 21. O-O-O b5
22. Kb2 b4 23. Nd5 Nxd5 24. Qxd5 Qc6 25. Qxc6 Rxc6 26. Rd5 f5 27. Bd3 f4 28.
Bf2 {Rest nicht zu rekonstruieren} 1-0

[Event "Offene Hessische Senioren Einzelmeisters"]
[Site "Bad Sooden- Allendorf"]
[Date "2013.04.22"]
[Round "3.90"]
[White "Wieprecht, Gerhard"]
[Black "Schneider, Hans"]
[Result "1-0"]
[WhiteElo "1639"]
[BlackElo "1491"]
[PlyCount "43"]
[EventDate "2013.??.??"]
[WhiteTeam "SV CAISSA e. V. Kassel"]
[BlackTeam "SV Schwarz-Weiß Oberha"]

1. e4 c5 2. Nf3 Nc6 3. d4 cxd4 4. Nxd4 g6 5. Nc3 Bg7 6. Be3 Nf6 7. Be2 O-O 8.
Qd2 d5 9. exd5 Nxd5 10. Nxd5 Qxd5 11. Bf3 Qa5 12. Qxa5 Nxa5 13. Be2 Nc6 14.
Nxc6 bxc6 15. O-O-O Be6 16. Bf3 Bxa2 17. Bxc6 Rac8 18. Bd5 Bxd5 19. Rxd5 Rb8
20. c3 Ra8 21. Rhd1 e6 22. Rd7 1-0

[Event "Offene Hessische Senioren Einzelmeisters"]
[Site "Bad Sooden- Allendorf"]
[Date "2013.04.22"]
[Round "3.91"]
[White "Kynast, Reinhard"]
[Black "Fister, Horst-Lothar"]
[Result "1-0"]
[WhiteElo "1574"]
[BlackElo "1301"]
[PlyCount "60"]
[EventDate "2013.??.??"]
[WhiteTeam "Herforder SV Königsspr"]
[BlackTeam "SK Werther 1949 e.V."]

1. c4 Nf6 2. Nc3 e6 3. e4 g6 4. Nf3 Bg7 5. d4 c6 6. Be2 O-O 7. e5 Ne8 8. Bg5
Qc7 9. Be7 f5 10. Bxf8 Bxf8 11. h4 Ng7 12. Ng5 d6 13. f4 dxe5 14. dxe5 b5 15.
h5 h6 16. Nh3 b4 17. Na4 Bb7 18. hxg6 c5 19. Bf3 Bxf3 20. Qxf3 Qc6 21. Ng1 Qxf3
22. Nxf3 Nc6 23. O-O-O Rb8 24. b3 h5 25. Rd7 Re8 26. Nb2 a5 27. Nd4 Ne7 28. Na4
Nc6 29. Nf3 Ne7 30. Nh4 Nc6 1-0

[Event "Offene Hessische Senioren Einzelmeisters"]
[Site "Bad Sooden- Allendorf"]
[Date "2013.04.22"]
[Round "3.92"]
[White "Weyand, Fernand"]
[Black "Geibel, Henning"]
[Result "1-0"]
[WhiteElo "1570"]
[BlackElo "1237"]
[PlyCount "65"]
[EventDate "2013.??.??"]
[WhiteTeam "SV Saarbrücken 1970 e.V."]
[BlackTeam "SV Bargteheide"]

1. e4 e5 2. Nf3 d6 3. d4 exd4 4. Nxd4 Nf6 5. Nc3 Be7 6. Bc4 O-O 7. f3 a6 8. Bb3
b5 9. a4 b4 10. Nd5 Nxd5 11. Bxd5 Ra7 12. Be3 c5 13. Ne2 Bf6 14. Rb1 Nd7 15.
O-O Nb6 16. Nf4 Nxa4 17. c3 Nb6 18. cxb4 Nxd5 19. Nxd5 Rb7 20. bxc5 Rxb2 21.
Nxf6+ Qxf6 22. Qxd6 Qxd6 23. cxd6 Rxb1 24. Rxb1 Bd7 25. Rb7 Rd8 26. e5 a5 27.
Ra7 a4 28. Bb6 Rb8 29. Rxd7 a3 30. Ra7 h5 31. d7 Rxb6 32. d8=Q+ Kh7 33. Qxb6
1-0

[Event "Offene Hessische Senioren Einzelmeisters"]
[Site "Bad Sooden- Allendorf"]
[Date "2013.04.22"]
[Round "3.93"]
[White "Paulin, Dieter"]
[Black "Stuiber, Ingeborg"]
[Result "1-0"]
[WhiteElo "1566"]
[BlackElo "977"]
[PlyCount "95"]
[EventDate "2013.??.??"]
[WhiteTeam "SK Dingelstädt 1921"]
[BlackTeam "SK Turm Euskirchen 65"]

1. d4 d5 2. c4 e6 3. Nf3 f5 4. Nc3 c6 5. Ne5 Nd7 6. cxd5 Nxe5 7. dxe5 exd5 8.
e3 Be6 9. a3 Qc7 10. f4 O-O-O 11. Qc2 g6 12. Be2 Bc5 13. Nd1 Ne7 14. Qxc5 b6
15. Qc2 Kb8 16. b4 d4 17. exd4 Rxd4 18. Nf2 Rdd8 19. Bb2 Bd5 20. Bf3 Rhf8 21.
Rc1 Bxf3 22. gxf3 Nd5 23. Nh3 Rfe8 24. Qxc6 Re7 25. Qxc7+ Nxc7 26. Rd1 Nd5 27.
Kf2 Rc7 28. Rc1 Rdc8 29. Rxc7 Rxc7 30. Rc1 h6 31. Rxc7 Kxc7 32. Ng1 Nxf4 33.
Kg3 Nd5 34. Ne2 Kd7 35. Bc1 g5 36. f4 gxf4+ 37. Nxf4 Nxf4 38. Kxf4 Ke6 39. Bd2
b5 40. h4 h5 41. Bc3 a6 42. Kg5 Kd5 43. Kxf5 Kc4 44. Be1 Kd5 45. Kf6 Kc6 46. e6
Kc7 47. Kf7 Kd8 48. e7+ 1-0

[Event "Offene Hessische Senioren Einzelmeisters"]
[Site "Bad Sooden- Allendorf"]
[Date "2013.04.22"]
[Round "3.94"]
[White "Borkenhagen, Bernd"]
[Black "Kleist, Werner"]
[Result "1/2-1/2"]
[WhiteElo "1340"]
[BlackElo "1900"]
[PlyCount "66"]
[EventDate "2013.??.??"]
[WhiteTeam "SK Rinteln"]
[BlackTeam "Berlin"]

1. e4 d5 2. exd5 Qxd5 3. Nc3 Qa5 4. d3 c6 5. Bd2 Qc7 6. Nf3 Bg4 7. Be2 Nf6 8.
h3 Bh5 9. O-O e6 10. Nh2 Bxe2 11. Qxe2 Bd6 12. Ng4 Nbd7 13. Nxf6+ gxf6 14. Ne4
Be5 15. Bc3 Bxc3 16. Nxc3 f5 17. Rfe1 O-O-O 18. Qe3 Kb8 19. Ne2 h5 20. d4 Rdg8
21. Qf4 Rg7 22. Qxc7+ Kxc7 23. h4 Rgg8 24. g3 Nf6 25. Kg2 Nd5 26. Kf3 a6 27. a3
Rg4 28. Rh1 f6 29. Nf4 Nxf4 30. gxf4 Kd6 31. Rae1 Re8 32. Rh3 b5 33. b3 a5
1/2-1/2

[Event "Offene Hessische Senioren Einzelmeisters"]
[Site "Bad Sooden- Allendorf"]
[Date "2013.04.22"]
[Round "3.95"]
[White "Köhler, Marianne"]
[Black "Paulsen, Eckart"]
[Result "0-1"]
[WhiteElo "1438"]
[BlackElo "1696"]
[Annotator ",Microsoft"]
[PlyCount "56"]
[EventDate "2013.??.??"]
[WhiteTeam "SG 2011 Sennewit"]
[BlackTeam "Post SV Neustadt"]

1. e4 d6 2. Be2 Nf6 3. Nc3 g6 4. d3 Bg7 5. Bd2 O-O 6. Qc1 Nc6 7. Nf3 Bg4 8. h3
Bxf3 9. Bxf3 Nd4 10. Bd1 c6 11. O-O b5 12. Ne2 Ne6 13. Ng3 Nd7 14. c3 Ne5 15.
Be2 d5 16. d4 Nc4 17. Bxc4 bxc4 18. e5 c5 19. Ne2 cxd4 20. cxd4 Qb6 21. Bc3
Rfc8 22. Qd1 Nc7 23. Rb1 Rab8 24. f4 e6 25. Kh1 Qa6 26. a3 Rb7 27. Qd2 Rcb8 28.
Rf2 Nb5 {Rest nicht zu rekonstruieren} 0-1

[Event "Offene Hessische Senioren Einzelmeisters"]
[Site "Bad Sooden- Allendorf"]
[Date "2013.04.22"]
[Round "3.96"]
[White "Smits, Oswald"]
[Black "Jobski, Werner"]
[Result "1-0"]
[WhiteElo "1678"]
[BlackElo "1416"]
[PlyCount "61"]
[EventDate "2013.??.??"]
[WhiteTeam "Sfr. Taunus Königstein/Schwalbac"]
[BlackTeam "SF Schwerte 1951"]

1. d4 Nf6 2. Nf3 d6 3. Nbd2 c5 4. e3 cxd4 5. exd4 g6 6. Bd3 Bg7 7. O-O O-O 8.
c3 Nc6 9. Re1 Re8 10. Nc4 b5 11. Ne3 a6 12. d5 Ne5 13. Be2 Ra7 14. a4 bxa4 15.
Rxa4 Nxf3+ 16. Bxf3 Bd7 17. Ra3 e5 18. dxe6 Rxe6 19. Qd4 Qc7 20. Rd1 Ne8 21.
Qd2 Bh6 22. Qc2 Qc5 23. Rd5 Qb6 24. Rd4 Nf6 25. h3 Re7 26. Kh2 Re5 27. h4 Bxe3
28. Bxe3 Rb5 29. Be2 Nd5 30. Rxd5 Rxd5 31. Bxb6 1-0

[Event "Offene Hessische Senioren Einzelmeisters"]
[Site "Bad Sooden- Allendorf"]
[Date "2013.04.22"]
[Round "3.97"]
[White "Maczollek, Helmut"]
[Black "Vladov, Mark"]
[Result "0-1"]
[WhiteElo "1353"]
[BlackElo "1615"]
[Annotator ",Microsoft"]
[PlyCount "85"]
[EventDate "2013.??.??"]
[WhiteTeam "SK Turm Lage 1926"]
[BlackTeam "SF Ostsee Warnemünde"]

1. d4 Nf6 2. Nf3 g6 3. Nbd2 Bg7 4. e4 d6 5. c3 Nbd7 6. Be2 O-O 7. O-O e5 8. d5
a5 9. a4 Nh5 10. Bd3 Kh8 11. Re1 Nc5 12. Bc2 f5 13. Nb3 fxe4 14. Ng5 Qf6 15.
Rf1 Nxb3 16. Nxe4 Qh4 17. Bg5 Qg4 18. Qxg4 Bxg4 19. Bxb3 Be2 20. Rfe1 Bd3 21.
Rad1 Bxe4 22. Rxe4 b6 23. Bc1 Rf7 24. Rf1 Raf8 25. Bc2 Nf6 26. Re2 Nxd5 27.
Bxg6 Nf4 28. Bxf4 Rxf4 29. Be4 c6 30. b3 d5 31. Bc2 e4 32. c4 Bd4 33. cxd5 cxd5
34. g3 Rg4 35. Kg2 Rg5 36. h4 Rgf5 37. Bd1 e3 38. f3 Bc5 39. Bc2 R5f6 40. f4 d4
41. Bd3 Rd6 42. g4 h6 43. Rf3 {Rest nicht zu rekonstruieren} 0-1

[Event "Offene Hessische Senioren Einzelmeisters"]
[Site "Bad Sooden- Allendorf"]
[Date "2013.04.22"]
[Round "3.98"]
[White "Girod, Gudrun"]
[Black "Janzen, Christian"]
[Result "0-1"]
[WhiteElo "1349"]
[BlackElo "1597"]
[PlyCount "37"]
[EventDate "2013.??.??"]
[WhiteTeam "Hannover 96 Schach"]
[BlackTeam "TSV Marienfelde 1890 e.V."]

1. d4 d5 2. e3 Nf6 3. Nf3 e6 4. Be2 Bd6 5. Nbd2 b6 6. O-O Bb7 7. c4 O-O 8. b3
Nbd7 9. Bb2 Ne4 10. Rc1 f5 11. cxd5 exd5 12. Bb5 a6 13. Bc6 Bxc6 14. Rxc6 Rf6
15. Rc1 Rh6 16. Ne5 Qh4 17. h3 Ng5 18. Ndf3 Nxh3+ 19. gxh3 0-1

[Event "Offene Hessische Senioren Einzelmeisters"]
[Site "Bad Sooden- Allendorf"]
[Date "2013.04.22"]
[Round "3.99"]
[White "Rother, Wilfried"]
[Black "Knobling, Rolf"]
[Result "1-0"]
[WhiteElo "1545"]
[BlackElo "1342"]
[PlyCount "93"]
[EventDate "2013.??.??"]
[WhiteTeam "SK 1950 Vellmar"]
[BlackTeam "USV Erfurt Abteilung Schach"]

1. e4 c5 2. Nf3 Nc6 3. d4 cxd4 4. Nxd4 d6 5. Be3 Bd7 6. c4 Nf6 7. Nc3 Ng4 8.
Nc2 Nxe3 9. Nxe3 g6 10. Bd3 Bg7 11. O-O O-O 12. Rc1 Nb4 13. Bb1 Be6 14. a3 Nc6
15. b4 a6 16. Kh1 Ne5 17. Ncd5 Bxd5 18. cxd5 Qb6 19. Qb3 Rfc8 20. f4 Nd7 21.
Nc4 Qa7 22. Na5 Bd4 23. Rfe1 Bb6 24. Nc4 Bd4 25. e5 b5 26. Na5 Nb6 27. Nc6 Qb7
28. Nxd4 Nxd5 29. Ba2 e6 30. Qf3 dxe5 31. fxe5 Rd8 32. Rc5 Rac8 33. Rec1 Rxc5
34. Rxc5 Qa8 35. h4 Kg7 36. Bxd5 Rxd5 37. Rxd5 Qxd5 38. Qxd5 exd5 39. g4 Kf8
40. g5 Ke7 41. Kg2 Kd7 42. Kf3 Kc7 43. Ke3 Kd7 44. Nb3 Ke6 45. Kf4 Ke7 46. Nc5
d4 47. Ke4 1-0

[Event "Offene Hessische Senioren Einzelmeisters"]
[Site "Bad Sooden- Allendorf"]
[Date "2013.04.22"]
[Round "3.100"]
[White "Grüneschild, Hildegard"]
[Black "Daebel, Dr. Hasso"]
[Result "0-1"]
[WhiteElo "1274"]
[BlackElo "1538"]
[Annotator ",Microsoft"]
[PlyCount "53"]
[EventDate "2013.??.??"]
[WhiteTeam "Schach-Union München e.V."]
[BlackTeam "Drewer (Marl) SG"]

1. c4 e5 2. Nc3 Nf6 3. g3 c6 4. Bg2 d5 5. cxd5 cxd5 6. Qa4+ Bd7 7. Qb3 Bc6 8.
Nf3 Bd6 9. d3 O-O 10. O-O d4 11. Nb5 Na6 12. Nxd6 Qxd6 13. Bd2 Bd5 14. Qd1 Rac8
15. b3 h6 16. Rc1 Rc6 17. e4 Be6 18. Rxc6 bxc6 19. Qc2 Rc8 20. Rc1 c5 21. Qb2
Rb8 22. Qa3 Nc7 23. Nh4 Qb6 24. Nf5 Kh7 25. Ne7 Nb5 26. Nd5 Bxd5 27. exd5 {
Rest nicht zu rekonstruieren} 0-1